California County Trivia - Madera - Statistics

General Stats
  • This quiz has been taken 7 times
  • The average score is 10 of 11
Answer Stats
Hint Answer % Correct
Bordering Counties Fresno
100%
County Seat Madera
100%
Mariposa
100%
Merced
100%
River that defines most of its Southern Border San Joaquin
100%
Mountain Range Sierra Nevada
100%
This County sits at the Geographical ______ of California Center
86%
Second Largest City Chowchilla
86%
Mono
86%
National Park Yosemite
86%
Valley in the Western part of the County Central Valley
71%
No matching quizzes found
Score Distribution
Percent of People with Each Score
Percentile by Number Answered
Your Score History
You have not taken this quiz